Sorge, Jefe del espionaje soviético / (Record no. 142152)

MARC details
000 -LEADER
campo de control de longitud fija 00866nam a22002531 4500
001 - NÚMERO DE CONTROL
campo de control 142152
003 - IDENTIFICADOR DE NÚMERO DE CONTROL
campo de control ES-MaACL
005 - FECHA Y HORA DE LA ÚLTIMA TRANSACCIÓN
campo de control 20230906200445.0
007 - CAMPO FIJO DE DESCRIPCIÓN FÍSICA--INFORMACIÓN GENERAL
campo de control de longitud fija t|
008 - DATOS DE LONGITUD FIJA--INFORMACIÓN GENERAL
campo de control de longitud fija 071003s1952 sp ||||0| spa d
016 7# - NÚMERO DE CONTROL DE UNA AGENCIA BIBLIOGRÁFICA NACIONAL
Número de control cancelado/no válido IND2000946571
040 ## - FUENTE DE CATALOGACIÓN
Centro catalogador/agencia de origen M-BN
Lengua de catalogación spa
Centro/agencia transcriptor CDM
080 ## - NÚMERO DE LA CLASIFICACIÓN DECIMAL UNIVERSAL
Número de la Clasificación Decimal Universal 356.251.21(47)
100 1# - ENTRADA PRINCIPAL--NOMBRE DE PERSONA
Nombre de persona Willoughby, Charles Andrew.
9 (RLIN) 116996
245 10 - MENCIÓN DEL TÍTULO
Título Sorge, Jefe del espionaje soviético /
Mención de responsabilidad, etc. Mayor General Charles A. Willoughby ; prólogo del General Douglas Mac Arthur ; [traducción directa del inglés por Luis Solano].
250 ## - MENCION DE EDICION
Mención de edición 1ª ed.
260 ## - PUBLICACIÓN, DISTRIBUCIÓN, ETC.
Lugar de publicación, distribución, etc. Barcelona :
Nombre del editor, distribuidor, etc. A. H. R,
Fecha de publicación, distribución, etc. 1952 (
Fabricante Imp. Moderna)
300 ## - DESCRIPCIÓN FÍSICA
Extensión 386 p., 7 h., 2 h. de lám., 1 h. de mapa ;
Dimensiones 19 cm.
490 1# - MENCIÓN DE SERIE
Mención de serie La cortina de hierro
830 0# - PUNTO DE ACCESO ADICIONAL DE SERIE-TÍTULO UNIFORME
Título uniforme La cortina de hierro
9 (RLIN) 182126
852 ## - LOCALIZACIÓN
Ubicación ES-MaACL
Número de control de estantería D-9232
Sublocalización o colección R.33010
Holdings
Estatus retirado Estado de pérdida Estado de daño No para préstamo Biblioteca de origen Biblioteca actual Ubicación en estantería Fecha de adquisición Fuente de adquisición Total de préstamos Signatura topográfica completa Código de barras Visto por última vez Precio de reemplazo Tipo de ítem Koha
        Biblioteca del Ateneo de Madrid Biblioteca del Ateneo de Madrid Sala Valle Inclán 17/01/2008     D-9232 901147907 23/02/2023 23/02/2023 Libro impreso